Statistiques concernant Légende du Football

Cliquez ici pour prendre le quiz!

Statistiques générales

  • Ce quiz a été pris 362 fois
  • Le résultat moyen est 64 sur 100

Statistiques - réponses

Réponse% Correct
Carles Puyol
96%
Johan Cruyff
95%
Pele
92%
Ronaldinho
91%
Ronaldo
91%
Zinedine Zidane
91%
Diego Maradona
90%
Eric Cantona
90%
Thierry Henry
89%
Wayne Rooney
89%
Franck Ribery
88%
Paolo Maldini
88%
Samuel Eto'o
88%
Xavi
88%
Didier Drogba
87%
Andrea Pirlo
86%
Arjen Robben
86%
Fernando Torres
86%
Ruud Gullit
86%
Philipp Lahm
85%
Roberto Carlos
85%
Iker Casillas
84%
Kaka
83%
Patrick Vieira
83%
Luis Figo
82%
Eusebio
81%
Frank Lampard
81%
Cafu
80%
Steven Gerrard
80%
Petr Cech
79%
Robin Van Persie
79%
Ashley Cole
78%
Xabi Alonso
78%
David Trezeguet
77%
Edwin Van Der Sar
77%
Joe Cole
76%
Rivaldo
76%
Oliver Kahn
75%
Ferenc Puskas
74%
Alessandro Nesta
73%
Gennaro Gattuso
73%
Miroslav Klose
73%
Pavel Nedved
73%
Raul
73%
Socrates
72%
Fabio Cannavaro
71%
Marco Van Basten
71%
Clarence Seedorf
70%
Francesco Totti
70%
Franz Beckenbauer
69%
Paul Scholes
69%
David Beckham
68%
Garrincha
68%
Javier Zanetti
68%
John Terry
68%
Lev Yashin
68%
Peter Schmeichel
68%
Dennis Bergkamp
67%
Roberto Baggio
67%
Alfredo Di Stefano
66%
Gerd Muller
66%
Alessandro Del Piero
65%
Ryan Giggs
65%
Wesley Sneijder
65%
Claude Makelele
62%
Michael Ballack
62%
Adriano
59%
Frank Rijkaard
58%
Sol Campbell
58%
Deco
57%
Andriy Shevchenko
56%
Filippo Inzaghi
56%
Hernan Crespo
55%
Michael Owen
55%
Ruud Van Nistelrooy
54%
Fernando Hierro
53%
Alan Shearer
50%
Gheorghe Hagi
50%
Rui Costa
48%
Ian Rush
45%
Hugo Sanchez
44%
Luis Hernandez
44%
Emilio Butragueno
41%
Hristo Stoichkov
41%
Bobby Charlton
40%
Gianluca Zambrotta
38%
Guti
38%
Zico
34%
Ian Wright
32%
Gianfranco Zola
30%
Kenny Dalglish
27%
Paolo Rossi
23%
Mario Kempes
18%
Giuseppe Meazza
14%
Eidur Gudjohnsen
11%
Paulo Futre
9%
Robbie Fowler
9%
Oliver Bierhoff
8%
Santiago Bernabeu
7%
Stefan Effenberg
7%

Distribution des résultats

Percentile par nombre de réponses

% des personnes avec chaque résultat

Votre développement - résultats

Vous n’avez pas pris ce quiz